000 01875nam a22001457a 4500
999 _c528933
_d528933
008 250203b ||||| |||| 00| 0 eng d
100 _aRuppel, Emily H.
_950512
245 _aHow work becomes invisible: The erosion of the wage floor for workers with disabilities
260 _aAmerican Sociological Review
300 _a89(5), Oct, 2024: p.907-936
520 _aHow does work come to be constructed as a service to the worker? In the United States, the payment of subminimum wages to disabled workers has been legal since 1938 and was entrenched by 1986 legislation eliminating the previously mandated floor of 50 percent of the minimum wage. This article draws on primary historical materials to explain the passage of these amendments, which I analyze as a case of delaborization, a process through which work is mystified as such and reclassified as something else (e.g., service). I find that the managers of segregated workshops for disabled manual laborers rose to control disability employment policy in the aftermath of deinstitutionalization. Professionals mobilized disability stigma to frame the subminimum wage as a social welfare issue subject to their expertise and to lobby successfully for its entrenchment. Weaknesses in the disability–labor coalition enabled this seizure of jurisdiction. This research illuminates professional expertise, the withdrawal of labor unions, and identity-based stigma as major mechanisms driving delaborization, an important contemporary influence on the organization of work. The case of the subminimum wage thus develops sociological literatures on labor, disability, and politics.- Reproduced https://journals.sagepub.com/doi/full/10.1177/00031224241268201
650 _a Disability, Labor, Comparative historical sociology, Social welfare.
_950513
773 _aAmerican Sociological Review
942 _cAR